[Event "4NCL Division 2a"]
[Site "Hinckley Island ENG"]
[Date "2013.11.16"]
[Round "1.15"]
[White "James, Ann-Marie"]
[Black "Robertson, J Stuart"]
[Result "1-0"]
[WhiteElo "2061"]
[BlackElo "2084"]
[PlyCount "65"]
[EventDate "2013.11.16"]
[WhiteTeam "Warwickshire Select 1"]
[BlackTeam "Cambridge University 2"]

1. e4 c5 2. c3 Nf6 3. e5 Nd5 4. d4 cxd4 5. Nf3 d6 6. cxd4 e6 7. Bc4 Nc6 8. O-O
Be7 9. Qe2 O-O 10. Rd1 Qc7 11. exd6 Qxd6 12. Nc3 Nxc3 13. bxc3 Bf6 14. a4 Rd8
15. Ng5 Qc7 16. Bd3 g6 17. Ne4 Be7 18. Qf3 f5 19. Ng5 h6 20. Nh3 g5 21. Qh5 Kg7
22. Re1 Bf6 23. f4 g4 24. Nf2 Ne7 25. Bd2 Bd7 26. Bb5 Nc6 27. Nxg4 fxg4 28.
Qxg4+ Kh8 29. Qg6 Bg7 30. Bd3 Kg8 31. Qh7+ Kf8 32. f5 e5 33. f6 1-0

[Event "4NCL Division 2a"]
[Site "Hinckley Island ENG"]
[Date "2013.11.16"]
[Round "1.17"]
[White "Fallowfield, Jeremy R"]
[Black "Chan, Nevil"]
[Result "1-0"]
[WhiteElo "2035"]
[BlackElo "2027"]
[PlyCount "79"]
[EventDate "2013.11.16"]
[WhiteTeam "Warwickshire Select 1"]
[BlackTeam "Cambridge University 2"]

1. d4 Nc6 2. d5 Ne5 3. e4 Ng6 4. f4 e5 5. dxe6 dxe6 6. Qxd8+ Kxd8 7. Nf3 Bb4+
8. c3 Bc5 9. g3 Nf6 10. Bd3 Nd7 11. Ke2 Ke7 12. Nbd2 Re8 13. e5 Kf8 14. Ne4 Be7
15. Be3 Kg8 16. Rad1 a6 17. Rd2 Ngf8 18. Rhd1 h6 19. g4 b6 20. Bc2 Rd8 21. h4
Bb7 22. h5 Rac8 23. g5 hxg5 24. fxg5 Nb8 25. Rg1 Rxd2+ 26. Bxd2 Nbd7 27. g6 f5
28. exf6 Nxf6 29. Nxf6+ Bxf6 30. Ng5 Bxg5 31. Rxg5 Nd7 32. h6 gxh6 33. Rh5 Nf6
34. Rxh6 Ne4 35. Bf4 Kg7 36. Rh7+ Kxg6 37. Rxc7 Rxc7 38. Bxc7 b5 39. Ke3 Kf5
40. b3 1-0

[Event "4NCL Division 2a"]
[Site "Hinckley Island ENG"]
[Date "2013.11.16"]
[Round "1.18"]
[White "Beniwal, Anuradha"]
[Black "Baruch, Andrew JD"]
[Result "1/2-1/2"]
[WhiteElo "2047"]
[BlackElo "2078"]
[PlyCount "80"]
[EventDate "2013.11.16"]
[WhiteTeam "Cambridge University 2"]
[BlackTeam "Warwickshire Select 1"]

1. e4 g6 2. Nf3 Bg7 3. d4 d6 4. Be2 Nf6 5. Nc3 O-O 6. Bg5 c6 7. Qd2 b5 8. a3
Bg4 9. h3 Bxf3 10. Bxf3 Nbd7 11. O-O Qb6 12. Rad1 a5 13. Be3 b4 14. Ne2 Qb5 15.
Ng3 Rac8 16. Be2 Qb7 17. Bh6 c5 18. Bxg7 Kxg7 19. Bf3 Qb6 20. axb4 cxd4 21. Qg5
axb4 22. Nf5+ Kh8 23. Nxe7 Rxc2 24. b3 Re8 25. Nd5 Qc5 26. Qf4 Kg7 27. h4 h5
28. Rd3 Re6 29. Rfd1 Ne5 30. Rxd4 Nxd5 31. exd5 Rf6 32. Qe4 Nxf3+ 33. gxf3 Rb2
34. Qe3 Rf5 35. Rc1 Rc2 36. Rxc2 Qxc2 37. f4 Qc3 38. Kg2 Qc5 39. Qd2 Qc3 40.
Qe3 Qc5 1/2-1/2

[Event "4NCL Division 2a"]
[Site "Hinckley Island ENG"]
[Date "2013.11.16"]
[Round "1.21"]
[White "Jones, Victor GL"]
[Black "Lock, Gavin R"]
[Result "1/2-1/2"]
[WhiteElo "2231"]
[BlackElo "2205"]
[PlyCount "69"]
[EventDate "2013.11.16"]
[WhiteTeam "KJCA Kings"]
[BlackTeam "Wessex"]

1. e4 e6 2. d4 d5 3. Nc3 Nf6 4. e5 Nfd7 5. f4 c5 6. Nf3 Nc6 7. Be3 cxd4 8. Nxd4
Bc5 9. Qd2 O-O 10. O-O-O a6 11. Qf2 Qe7 12. Bd3 Nxd4 13. Bxd4 Bxd4 14. Qxd4 Qc5
15. Ne2 Qxd4 16. Nxd4 Nc5 17. Kb1 Bd7 18. g4 f6 19. Rhf1 fxe5 20. fxe5 Rxf1 21.
Rxf1 Nxd3 22. cxd3 Rf8 23. Rxf8+ Kxf8 24. h4 Ke7 25. Kc2 Be8 26. Kc3 Bd7 27. b4
Ba4 28. Kd2 Kf7 29. Ne2 Ke7 30. Nf4 Kf7 31. g5 Ke7 32. Ke3 Bd1 33. Kd4 b6 34.
Ng2 Kf7 35. Nf4 1/2-1/2

[Event "4NCL Division 2a"]
[Site "Hinckley Island ENG"]
[Date "2013.11.16"]
[Round "1.22"]
[White "Rutter, Nick J"]
[Black "Sathyanandha, Saravanan"]
[Result "0-1"]
[WhiteElo "2189"]
[BlackElo "2128"]
[PlyCount "94"]
[EventDate "2013.11.16"]
[WhiteTeam "Wessex"]
[BlackTeam "KJCA Kings"]

1. e4 e6 2. d4 d5 3. Nc3 Nf6 4. e5 Nfd7 5. f4 c5 6. Nf3 Nc6 7. Be3 a6 8. Qd2
Be7 9. O-O-O c4 10. f5 b5 11. Ne2 exf5 12. Nf4 Nb6 13. h4 Na4 14. c3 b4 15. Qc2
Qa5 16. Nxd5 Nxb2 17. Nxe7 Kxe7 18. Bg5+ Ke8 19. d5 Nxd1 20. dxc6 Nxc3 21. Bxc4
Be6 22. Bxe6 fxe6 23. Qb3 Kf7 24. Bd2 Qxa2 25. Ng5+ Kg8 26. Qxa2 Nxa2+ 27. Kb2
Nc3 28. Nxe6 Nd5 29. Rc1 Kf7 30. Nd4 g6 31. Rc5 Nb6 32. e6+ Ke7 33. Kb3 a5 34.
c7 Kd6 35. Rc6+ Kd5 36. Rxb6 Kxd4 37. Bg5 Kc5 38. Be3+ Kd5 39. e7 Rhe8 40. Bf4
Rxe7 41. Rb5+ Kc6 42. Rxa5 Ree8 43. Rxa8 Rxa8 44. Kxb4 Kd7 45. Kc5 Ra4 46. g3
Rxf4 47. gxf4 Kxc7 0-1

[Event "4NCL Division 2a"]
[Site "Hinckley Island ENG"]
[Date "2013.11.16"]
[Round "1.23"]
[White "Foord, Dominic"]
[Black "Simons, Martin J"]
[Result "0-1"]
[WhiteElo "2102"]
[BlackElo "2109"]
[PlyCount "74"]
[EventDate "2013.11.16"]
[WhiteTeam "KJCA Kings"]
[BlackTeam "Wessex"]

1. d4 Nf6 2. c4 c5 3. d5 b5 4. cxb5 a6 5. f3 d6 6. e4 g6 7. a4 Bg7 8. Na3 O-O
9. Ne2 axb5 10. Nxb5 Nbd7 11. Nec3 Ba6 12. Be2 Ne8 13. Be3 Nc7 14. O-O Nxb5 15.
axb5 Bb7 16. Qd2 Qc7 17. Kh1 Ra5 18. Bh6 Rfa8 19. Rae1 Bd4 20. f4 Bc8 21. Bc4
Nb6 22. Bb3 Bd7 23. e5 Bxb5 24. Rf3 Bc4 25. Bxc4 Nxc4 26. Qe2 Ra1 27. Rff1 Rxe1
28. Rxe1 Ne3 29. Nb5 Qd7 30. e6 fxe6 31. dxe6 Qb7 32. Bg5 Nf5 33. Nxd4 cxd4 34.
Kg1 Ra2 35. Rb1 Ne3 36. Qf3 Qxf3 37. gxf3 Nf5 0-1

[Event "4NCL Division 2a"]
[Site "Hinckley Island ENG"]
[Date "2013.11.16"]
[Round "1.24"]
[White "de Coverly, Roger D"]
[Black "Jones, William EG"]
[Result "0-1"]
[WhiteElo "2020"]
[BlackElo "2127"]
[PlyCount "84"]
[EventDate "2013.11.16"]
[WhiteTeam "Wessex"]
[BlackTeam "KJCA Kings"]

1. e4 c5 2. Nf3 d6 3. g3 Nf6 4. Qe2 Nc6 5. c3 Bg4 6. Bg2 g6 7. h3 Bxf3 8. Bxf3
Bg7 9. a4 O-O 10. O-O Rc8 11. Na3 Nd7 12. d3 Na5 13. Be3 Ne5 14. Bg2 Nec6 15.
Rad1 Nb3 16. Nc4 a6 17. Qc2 Nba5 18. Nxa5 Qxa5 19. f4 b5 20. axb5 axb5 21. Ra1
Qc7 22. Ra6 Ra8 23. Rxa8 Rxa8 24. f5 b4 25. fxg6 hxg6 26. cxb4 Nxb4 27. Qc4 e6
28. d4 Rc8 29. Rc1 Qb8 30. b3 d5 31. exd5 exd5 32. Qf1 Qxg3 33. Qf3 Qxf3 34.
Bxf3 Re8 35. Bf2 Bxd4 36. Rd1 Bxf2+ 37. Kxf2 d4 38. Be2 Re3 39. Bc4 Rxh3 40.
Rg1 Kg7 41. Rg5 Rh5 42. Rg1 Re5 0-1

[Event "4NCL Division 2a"]
[Site "Hinckley Island ENG"]
[Date "2013.11.16"]
[Round "1.25"]
[White "Tambini, Jasper"]
[Black "Gregory, Keith DF"]
[Result "1/2-1/2"]
[WhiteElo "2029"]
[BlackElo "2035"]
[PlyCount "53"]
[EventDate "2013.11.16"]
[WhiteTeam "KJCA Kings"]
[BlackTeam "Wessex"]

1. e4 d6 2. d4 Nf6 3. Nc3 Nbd7 4. f4 e5 5. Nf3 c6 6. dxe5 dxe5 7. Nxe5 Nxe5 8.
Qxd8+ Kxd8 9. fxe5 Ng4 10. Bf4 Bc5 11. Bc4 Ke8 12. Rf1 Rf8 13. Rd1 Ne3 14. Bxe3
Bxe3 15. Rd3 Bc1 16. Nd1 Ke7 17. Rg3 g6 18. Rgf3 Be6 19. Bxe6 Kxe6 20. Rf6+ Ke7
21. b3 Rad8 22. R6f3 Bd2+ 23. Ke2 Ba5 24. Rd3 Bc7 25. Ne3 Bxe5 26. h3 h5 27. a4
1/2-1/2

[Event "4NCL Division 2a"]
[Site "Hinckley Island ENG"]
[Date "2013.11.16"]
[Round "1.26"]
[White "Clark, Ian C"]
[Black "Lunn, Matthew"]
[Result "1/2-1/2"]
[WhiteElo "2058"]
[BlackElo "2045"]
[PlyCount "62"]
[EventDate "2013.11.16"]
[WhiteTeam "Wessex"]
[BlackTeam "KJCA Kings"]

1. e4 c5 2. Nf3 Nc6 3. d4 cxd4 4. Nxd4 Nf6 5. Nc3 d6 6. Bc4 e5 7. Nf3 Be6 8.
Bxe6 fxe6 9. Qe2 Be7 10. O-O O-O 11. Bg5 Rc8 12. Rad1 a6 13. Rd2 Qb6 14. b3 Qa5
15. Nd1 Qxa2 16. Bxf6 Rxf6 17. Ne3 Qa5 18. Rfd1 b5 19. c4 Rcf8 20. Ra2 Qb6 21.
cxb5 axb5 22. Rda1 Nd4 23. Nxd4 exd4 24. Nd1 Qc5 25. Ra7 Bd8 26. Rb7 Qb4 27.
Rxb5 d3 28. Qxd3 Qe1+ 29. Qf1 Qxe4 30. Ra4 Qb1 31. Ra7 R6f7 1/2-1/2

[Event "4NCL Division 2a"]
[Site "Hinckley Island ENG"]
[Date "2013.11.16"]
[Round "1.27"]
[White "Maguire, Robert"]
[Black "Gill, Oliver"]
[Result "1/2-1/2"]
[WhiteElo "1971"]
[BlackElo "1980"]
[PlyCount "91"]
[EventDate "2013.11.16"]
[WhiteTeam "KJCA Kings"]
[BlackTeam "Wessex"]

1. e4 e5 2. Nf3 Nf6 3. Nxe5 d6 4. Nf3 Nxe4 5. Nc3 Nxc3 6. dxc3 Be7 7. Be3 O-O
8. Qd2 Nd7 9. O-O-O Ne5 10. Nxe5 dxe5 11. Qxd8 Rxd8 12. Bc4 Bf5 13. f3 Kf8 14.
Rhe1 Rxd1+ 15. Rxd1 a6 16. g4 Bc8 17. h3 g5 18. Bf2 Kg7 19. Re1 Bd6 20. Bd5 c6
21. Bb3 Kf6 22. Bb6 Be6 23. Bxe6 Kxe6 24. Be3 f6 25. h4 h6 26. hxg5 hxg5 27.
Rh1 Rd8 28. Rh6 Bf8 29. Rh7 Rd7 30. Rh8 Kf7 31. Rh7+ Bg7 32. Rh5 Rd8 33. Rh2
Rh8 34. Rxh8 Bxh8 35. Kd2 Bg7 36. Kd3 Ke6 37. Ke4 Bf8 38. Bb6 Be7 39. c4 Bd6
40. c5 Be7 41. b4 Bf8 42. c4 Be7 43. a4 Bf8 44. Bc7 Be7 45. a5 Bf8 46. Bb6
1/2-1/2

[Event "4NCL Division 2a"]
[Site "Hinckley Island ENG"]
[Date "2013.11.16"]
[Round "1.28"]
[White "Zhou, Yang-Jian"]
[Black "Giles, Yasmin"]
[Result "0-1"]
[WhiteElo "1665"]
[BlackElo "1892"]
[PlyCount "116"]
[EventDate "2013.11.16"]
[WhiteTeam "Wessex"]
[BlackTeam "KJCA Kings"]

1. c4 c6 2. g3 d5 3. b3 Nf6 4. Nf3 Bf5 5. Bg2 Nbd7 6. O-O e5 7. d3 Qc7 8. Nbd2
Bd6 9. Re1 Bg4 10. e4 d4 11. Rb1 a5 12. a3 O-O 13. h3 Be6 14. Ng5 Nc5 15. Nxe6
Nxe6 16. b4 axb4 17. axb4 Ra6 18. c5 Be7 19. Nc4 Nd7 20. Bd2 b6 21. cxb6 Nxb6
22. Qc2 Rfa8 23. Na5 c5 24. Rec1 Qd7 25. Nc4 Nxc4 26. Qxc4 cxb4 27. Qd5 Qa7 28.
Bxb4 Bxb4 29. Rxb4 Ra5 30. Rb5 Rxb5 31. Qxb5 Qb8 32. Qd7 Qd8 33. Qb7 h6 34. h4
Qa5 35. Bh3 Nd8 36. Qe7 Kh7 37. h5 Ne6 38. Bf5+ Kh8 39. Qxf7 Qd2 40. Rf1 Ng5
41. Qd5 Rb8 42. Kg2 Qxd3 43. Qxe5 Qf3+ 44. Kg1 Rd8 45. Qc7 Rg8 46. Qf4 Qxh5 47.
e5 Rf8 48. Kg2 Ne6 49. Qg4 Qxf5 50. Qe2 d3 51. Qe3 Rd8 52. Rd1 Ng5 53. f4 Ne6
54. Rd2 g5 55. fxg5 Nxg5 56. Qb6 Qh3+ 57. Kf2 Rf8+ 58. Ke3 Qxg3+ 0-1

[Event "4NCL Division 2a"]
[Site "Hinckley Island ENG"]
[Date "2013.11.16"]
[Round "1.31"]
[White "Beaumont, Chris R"]
[Black "Kett, Timothy J"]
[Result "1/2-1/2"]
[WhiteElo "2290"]
[BlackElo "2230"]
[PlyCount "133"]
[EventDate "2013.11.16"]
[WhiteTeam "Bristol 1"]
[BlackTeam "Rhyfelwyr Essyllwg"]

1. c4 e5 2. g3 Nf6 3. Bg2 Nc6 4. Nc3 Bc5 5. d3 O-O 6. Nf3 Re8 7. O-O a5 8. b3
d6 9. Bb2 Ba7 10. e3 h6 11. a3 Bf5 12. Rc1 Qd7 13. Qd2 Nh7 14. Nd5 Ne7 15. e4
Bg4 16. d4 Ng6 17. dxe5 dxe5 18. Qc2 c6 19. Ne3 Bxe3 20. fxe3 Ng5 21. Nxg5 hxg5
22. Bc3 Red8 23. Rf2 Qd3 24. Qxd3 Rxd3 25. h3 Be6 26. Re2 a4 27. bxa4 Bxc4 28.
Rb2 Rxa4 29. Bb4 Bb5 30. Kf2 Rd7 31. Bf3 b6 32. Bh5 Kh7 33. Bd1 Ra8 34. a4 Bxa4
35. Bxa4 Rxa4 36. Rxc6 Ra1 37. Rxb6 Rdd1 38. Kf3 f6 39. Rd2 Rxd2 40. Bxd2 Nh8
41. Bc3 Rf1+ 42. Kg2 Rc1 43. Bb4 Rc2+ 44. Kf3 Nf7 45. Rb7 Kg6 46. Bf8 Rc8 47.
Ba3 Nh6 48. g4 Nf7 49. Rb2 Rc7 50. Bb4 Nh8 51. Be1 Kf7 52. Ke2 Ng6 53. Kf3 Rc4
54. Rb7+ Kg8 55. Rb8+ Kh7 56. Rb4 Rc2 57. Bf2 Nh4+ 58. Kg3 Kg6 59. Ra4 Rb2 60.
Rc4 Rb7 61. Be1 Kf7 62. Bb4 Ra7 63. Be1 Ke6 64. Rc6+ Kd7 65. Rc4 Ra2 66. Bf2
Kd6 67. Rb4 1/2-1/2

[Event "4NCL Division 2a"]
[Site "Hinckley Island ENG"]
[Date "2013.11.16"]
[Round "1.32"]
[White "Trevelyan, John"]
[Black "Buckley, David E"]
[Result "1-0"]
[WhiteElo "2118"]
[BlackElo "2261"]
[PlyCount "63"]
[EventDate "2013.11.16"]
[WhiteTeam "Rhyfelwyr Essyllwg"]
[BlackTeam "Bristol 1"]

1. d4 Nf6 2. c4 e6 3. Nf3 d5 4. cxd5 exd5 5. Nc3 c6 6. Bg5 Be7 7. e3 Bf5 8. Bd3
Bxd3 9. Qxd3 O-O 10. Bxf6 Bxf6 11. O-O Nd7 12. Rfc1 Nb6 13. b4 Nc4 14. b5 Rc8
15. bxc6 bxc6 16. Na4 Qa5 17. Nc5 Be7 18. Nb3 Qa3 19. Nfd2 Nxd2 20. Qxd2 Qd6
21. Rc2 Qh6 22. Qa5 Bd6 23. g3 Bb8 24. Rac1 f5 25. Nc5 Rf7 26. Nd3 Qe6 27. Nb4
Rfc7 28. Qa6 Qd6 29. Nxc6 g5 30. Rc5 f4 31. Nxb8 Rxc5 32. Rxc5 1-0

[Event "4NCL Division 2a"]
[Site "Hinckley Island ENG"]
[Date "2013.11.16"]
[Round "1.33"]
[White "Rudd, Jack"]
[Black "Brown, Tom"]
[Result "1-0"]
[WhiteElo "2230"]
[BlackElo "2086"]
[PlyCount "61"]
[EventDate "2013.11.16"]
[WhiteTeam "Bristol 1"]
[BlackTeam "Rhyfelwyr Essyllwg"]

1. e4 c5 2. Nf3 Nc6 3. d4 cxd4 4. Nxd4 g6 5. Nc3 Bg7 6. Be3 Nf6 7. Be2 d6 8.
Nb3 O-O 9. f4 a6 10. g4 b5 11. g5 Nd7 12. h4 Bb7 13. h5 b4 14. Na4 Na5 15. hxg6
hxg6 16. Bd3 Nxb3 17. axb3 d5 18. Qg4 Qc7 19. Qh3 Rfd8 20. O-O-O dxe4 21. Bc4
e6 22. Bxe6 fxe6 23. Qxe6+ Kf8 24. Qxg6 Rac8 25. Rd2 Qc6 26. Qf5+ Kg8 27. Qh7+
Kf8 28. f5 Nf6 29. gxf6 Qxf6 30. Rg2 Rd7 31. Rg6 1-0

[Event "4NCL Division 2a"]
[Site "Hinckley Island ENG"]
[Date "2013.11.16"]
[Round "1.34"]
[White "Bullen, Alex"]
[Black "Krzyzanowski, Patryk"]
[Result "1-0"]
[WhiteElo "1989"]
[BlackElo "2005"]
[PlyCount "57"]
[EventDate "2013.11.16"]
[WhiteTeam "Rhyfelwyr Essyllwg"]
[BlackTeam "Bristol 1"]

1. e4 c5 2. Nf3 g6 3. d4 cxd4 4. Qxd4 Nf6 5. Nc3 Bg7 6. e5 Nc6 7. Qa4 Ng8 8.
Bf4 g5 9. Nxg5 Nxe5 10. O-O-O Kf8 11. Bc4 h6 12. Nge4 d6 13. Bxe5 Bxe5 14. Qb3
Rh7 15. Rd3 a6 16. Rf3 Nf6 17. Nxf6 exf6 18. Ne4 Qe7 19. Ng3 b5 20. Bd5 Be6 21.
Qd3 Bxd5 22. Qxh7 Qc7 23. Qxh6+ Ke8 24. Rxf6 Rc8 25. Qh8+ Kd7 26. Qh3+ Kc6 27.
Qf5 Kb7 28. Rd1 Bxg2 29. Rxf7 1-0

[Event "4NCL Division 2a"]
[Site "Hinckley Island ENG"]
[Date "2013.11.16"]
[Round "1.35"]
[White "Musson, Adam J"]
[Black "Kostanjsek, Luke"]
[Result "1-0"]
[WhiteElo "2069"]
[BlackElo "1971"]
[PlyCount "89"]
[EventDate "2013.11.16"]
[WhiteTeam "Bristol 1"]
[BlackTeam "Rhyfelwyr Essyllwg"]

1. d4 Nf6 2. c4 g6 3. Nc3 Bg7 4. Nf3 d6 5. Bf4 O-O 6. e3 c5 7. Bd3 Bg4 8. h3
Bxf3 9. Qxf3 Nc6 10. dxc5 dxc5 11. Rd1 Qb6 12. Qe2 e5 13. Bg5 Nd4 14. Qd2 e4
15. Bb1 Nf5 16. O-O h6 17. Bxf6 Qxf6 18. Bxe4 Rad8 19. Qc2 Nd6 20. Bd5 Rfe8 21.
Rd3 g5 22. e4 Re7 23. Qe2 Rde8 24. Qg4 Qg6 25. f4 Bd4+ 26. Kh1 Bxc3 27. Rxc3
Nxe4 28. Ra3 b6 29. fxg5 hxg5 30. Raf3 Nd2 31. Rxf7 Nxf1 32. Rxe7+ Kh8 33.
Rxe8+ Qxe8 34. Qxg5 Qf8 35. Qe5+ Kh7 36. Be4+ Kh6 37. Qe6+ Kg5 38. Qe5+ Kh4 39.
Bf3 Ng3+ 40. Kh2 Nf1+ 41. Kg1 Ng3 42. Qe6 Nf5 43. Qg6 Qg7 44. Qxf5 Qd4+ 45. Kh1
1-0

[Event "4NCL Division 2a"]
[Site "Hinckley Island ENG"]
[Date "2013.11.16"]
[Round "1.37"]
[White "Collier, David O"]
[Black "Staniforth, Matthew"]
[Result "1-0"]
[WhiteElo "2064"]
[BlackElo "1902"]
[PlyCount "89"]
[EventDate "2013.11.16"]
[WhiteTeam "Bristol 1"]
[BlackTeam "Rhyfelwyr Essyllwg"]

1. d4 d5 2. c4 e5 3. dxe5 d4 4. a3 Nc6 5. e3 Bf5 6. Nf3 d3 7. Nc3 a5 8. h3 Bg6
9. e4 f6 10. e6 f5 11. e5 Bh5 12. Qxd3 Qxd3 13. Bxd3 Bxf3 14. gxf3 Nxe5 15. Be2
O-O-O 16. Nd5 Ne7 17. Bg5 N5c6 18. O-O-O h6 19. Bf4 Nxd5 20. cxd5 Ne7 21. Bc4
Ng6 22. Bh2 Bd6 23. Rhg1 Bxh2 24. Rxg6 Be5 25. Bb5 Bf6 26. Bd7+ Rxd7 27. exd7+
Kxd7 28. f4 Re8 29. Rg3 Kd6 30. Re3 Rxe3 31. fxe3 a4 32. Kc2 Kc5 33. b3 axb3+
34. Kxb3 Kd6 35. Kc4 g5 36. Rf1 gxf4 37. exf4 Bh4 38. Rg1 b5+ 39. Kxb5 Kxd5 40.
a4 c6+ 41. Kb4 Kd4 42. Rd1+ Ke4 43. a5 Kxf4 44. a6 c5+ 45. Kc4 1-0

[Event "4NCL Division 2a"]
[Site "Hinckley Island ENG"]
[Date "2013.11.16"]
[Round "1.41"]
[White "Posazhennikov, Alex"]
[Black "Merry, Alan B"]
[Result "1-0"]
[WhiteElo "2259"]
[BlackElo "2297"]
[PlyCount "57"]
[EventDate "2013.11.16"]
[WhiteTeam "Poisoned Pawns"]
[BlackTeam "Anglian Avengers 1"]

1. e4 e6 2. d4 d5 3. Nc3 Bb4 4. e5 Ne7 5. a3 Bxc3+ 6. bxc3 b6 7. Bd3 Ba6 8. Ne2
O-O 9. Ng3 c5 10. Bxa6 Nxa6 11. Qg4 Kh8 12. Bg5 Qd7 13. Nh5 Nf5 14. Qh3 Rg8 15.
g4 Ne7 16. Qf3 Ng6 17. h4 cxd4 18. cxd4 Qb5 19. Bf6 h6 20. Nxg7 Rxg7 21. h5 Nf8
22. g5 Kh7 23. Bxg7 f5 24. gxf6 Qb2 25. Qd3+ Kg8 26. Bxf8 Kxf8 27. Qh7 Qxa1+
28. Ke2 Qxa3 29. Rg1 1-0

[Event "4NCL Division 2a"]
[Site "Hinckley Island ENG"]
[Date "2013.11.16"]
[Round "1.42"]
[White "Spence, David J"]
[Black "Swanson, Stephen"]
[Result "1/2-1/2"]
[WhiteElo "2221"]
[BlackElo "2238"]
[PlyCount "39"]
[EventDate "2013.11.16"]
[WhiteTeam "Anglian Avengers 1"]
[BlackTeam "Poisoned Pawns"]

1. e4 e5 2. Nf3 Nc6 3. Bc4 Nf6 4. Qe2 Be7 5. d3 O-O 6. c3 d6 7. Bb3 Re8 8. h3
Bf8 9. Nbd2 Na5 10. Bc2 c5 11. Nf1 h6 12. g4 Nh7 13. Ne3 g6 14. Bd2 b5 15. a4
b4 16. cxb4 cxb4 17. Bxb4 Rb8 18. Bc3 Be6 19. Qd2 Nb3 20. Bxb3 1/2-1/2

[Event "4NCL Division 2a"]
[Site "Hinckley Island ENG"]
[Date "2013.11.16"]
[Round "1.43"]
[White "Byway, Paul V"]
[Black "Schreiner, Till"]
[Result "0-1"]
[WhiteElo "2127"]
[BlackElo "2301"]
[PlyCount "76"]
[EventDate "2013.11.16"]
[WhiteTeam "Poisoned Pawns"]
[BlackTeam "Anglian Avengers 1"]

1. Nf3 Nf6 2. c4 c6 3. d4 d5 4. e3 e6 5. Bd3 Nbd7 6. Nbd2 dxc4 7. Nxc4 b5 8.
Nce5 Bb7 9. O-O Nxe5 10. Nxe5 Be7 11. Qf3 Qb6 12. b3 O-O 13. Bb2 Rac8 14. Rac1
Rfd8 15. Rfd1 g6 16. g4 c5 17. e4 g5 18. dxc5 Rxc5 19. Qe3 h6 20. Rxc5 Qxc5 21.
Qxc5 Bxc5 22. Rc1 Nxe4 23. Bxb5 Rd2 24. Nd3 Bb6 25. Bc6 Bxc6 26. Rxc6 Rxd3 27.
Rc8+ Rd8 28. Rxd8+ Bxd8 29. Bd4 Bb6 30. Bxb6 axb6 31. f3 Nc5 32. Kf2 Kf8 33.
Ke3 Ke7 34. Kd4 Kd6 35. b4 Na6 36. a3 b5 37. Ke4 Nc7 38. h3 Nd5 0-1

[Event "4NCL Division 2a"]
[Site "Hinckley Island ENG"]
[Date "2013.11.16"]
[Round "1.44"]
[White "Player, Edmund C"]
[Black "Rosen, Daniel B"]
[Result "1-0"]
[WhiteElo "2246"]
[BlackElo "2092"]
[PlyCount "159"]
[EventDate "2013.11.16"]
[WhiteTeam "Anglian Avengers 1"]
[BlackTeam "Poisoned Pawns"]

1. e4 d6 2. d4 g6 3. Nc3 Bg7 4. Be3 c6 5. Nf3 Bg4 6. Be2 Nd7 7. Qd2 Qc7 8. O-O
Ngf6 9. h3 Bxf3 10. Bxf3 O-O 11. Be2 b5 12. Bd3 a6 13. Ne2 e5 14. c3 Rfe8 15.
Ng3 d5 16. exd5 Nxd5 17. Bh6 Bh8 18. dxe5 Nxe5 19. Be4 Rad8 20. Rad1 f5 21.
Bxd5+ Rxd5 22. Qe2 Rxd1 23. Rxd1 Qc8 24. Qc2 Nf7 25. Be3 Qe6 26. b3 Bf6 27. Ne2
Rd8 28. Rxd8+ Nxd8 29. Qd3 Nf7 30. Nf4 Qd6 31. Bd2 Bg5 32. Qxd6 Nxd6 33. f3 Nb7
34. Kf2 Kf7 35. Ke2 Bf6 36. Kd3 Nc5+ 37. Kc2 Ke7 38. Be3 Ne6 39. Nd3 Kd6 40.
Nb4 a5 41. Nd3 Bd8 42. a4 Kd5 43. Nb2 Nc5 44. c4+ bxc4 45. bxc4+ Kd6 46. Nd3
Bb6 47. Bf4+ Ke6 48. Nxc5+ Bxc5 49. Bc7 Bb4 50. Kd3 Kd7 51. Bg3 Bc5 52. Be1 Bb6
53. g4 Ke6 54. Bc3 h5 55. gxh5 gxh5 56. Be1 Ke5 57. Bg3+ Ke6 58. Bf4 Kf6 59.
Ke2 Kg6 60. Kf1 Bd4 61. Bc7 Bc3 62. Bd8 Bb4 63. Kf2 Bc5+ 64. Ke2 Bb4 65. Ke3 c5
66. Kf4 Bc3 67. Bb6 Bb4 68. Ke5 Kg5 69. Bd8+ Kg6 70. Kd5 Kh6 71. Be7 Kg6 72.
Ke6 Ba3 73. Ke5 Bb4 74. Kd5 Kh6 75. h4 Be1 76. Bg5+ Kg6 77. Kxc5 Kf7 78. Kd6
Bg3+ 79. Kd7 Bf2 80. Be7 1-0

[Event "4NCL Division 2a"]
[Site "Hinckley Island ENG"]
[Date "2013.11.16"]
[Round "1.45"]
[White "McCorry, Robert T"]
[Black "Lindner, Daniel"]
[Result "0-1"]
[WhiteElo "2067"]
[BlackElo "2220"]
[PlyCount "56"]
[EventDate "2013.11.16"]
[WhiteTeam "Poisoned Pawns"]
[BlackTeam "Anglian Avengers 1"]

1. d4 d5 2. c4 e6 3. Nc3 c6 4. e3 Nf6 5. Nf3 Nbd7 6. b3 Bd6 7. Be2 O-O 8. O-O
Qe7 9. Bb2 dxc4 10. Bxc4 e5 11. dxe5 Nxe5 12. Be2 Rd8 13. Qc2 Nfg4 14. h3 Nxf3+
15. Bxf3 Nh2 16. Be4 Nxf1 17. Bxh7+ Kh8 18. Kxf1 b6 19. Ne4 Be5 20. Kg1 Bxb2
21. Rb1 Bf6 22. Nxf6 Qxf6 23. Be4 Ba6 24. Rc1 Rac8 25. Bf5 Rc7 26. Qe4 Bc8 27.
Qf4 Rd6 28. e4 Bxf5 0-1

[Event "4NCL Division 2a"]
[Site "Hinckley Island ENG"]
[Date "2013.11.16"]
[Round "1.46"]
[White "Munson, Shaun D"]
[Black "Bailey, Kevin J"]
[Result "1-0"]
[WhiteElo "2174"]
[BlackElo "2042"]
[PlyCount "77"]
[EventDate "2013.11.16"]
[WhiteTeam "Anglian Avengers 1"]
[BlackTeam "Poisoned Pawns"]

1. d4 e6 2. Nf3 Nf6 3. e3 b6 4. b3 Bb7 5. Bb2 d6 6. Nbd2 Nbd7 7. Bd3 g6 8. e4
Bg7 9. O-O O-O 10. Re1 c5 11. c3 Qc7 12. Qe2 e5 13. dxe5 dxe5 14. c4 Rfe8 15.
Nb1 Nb8 16. Nc3 Nc6 17. Nd5 Qd6 18. Bc1 Nxd5 19. cxd5 Nd4 20. Nxd4 exd4 21. Qd1
f5 22. f3 fxe4 23. fxe4 Be5 24. h3 Bh2+ 25. Kh1 Bg3 26. Rf1 Be5 27. Bh6 Bg7 28.
Bf4 Be5 29. Qg4 Rf8 30. Bxe5 Qxe5 31. Qd7 Qg7 32. Qe6+ Kh8 33. Rxf8+ Rxf8 34.
Rf1 Rxf1+ 35. Bxf1 Qf8 36. Qe5+ Kg8 37. Bc4 b5 38. Bxb5 Qf2 39. Bc4 1-0

[Event "4NCL Division 2a"]
[Site "Hinckley Island ENG"]
[Date "2013.11.16"]
[Round "1.47"]
[White "McMahon, Paul"]
[Black "Taylor, Adam C"]
[Result "0-1"]
[WhiteElo "1980"]
[BlackElo "2018"]
[PlyCount "90"]
[EventDate "2013.11.16"]
[WhiteTeam "Poisoned Pawns"]
[BlackTeam "Anglian Avengers 1"]

1. Nc3 g6 2. d4 Bg7 3. e4 a6 4. Be3 b5 5. a4 b4 6. Nce2 d5 7. e5 a5 8. Ng3 h5
9. h4 e6 10. Qd2 Qd7 11. Nf3 Ba6 12. Bxa6 Nxa6 13. O-O Ne7 14. Bg5 c5 15. b3
Nc6 16. Bf6 Bh6 17. Qe2 O-O 18. Rad1 Qa7 19. Nxh5 cxd4 20. g4 gxh5 21. gxh5 d3
22. Rxd3 Nc5 23. Kh1 Rfc8 24. Nd4 Nxd3 25. Nb5 Nxf2+ 26. Rxf2 Qe3 27. Rg2+ Kf8
28. Qg4 Ke8 29. Qg8+ Bf8 30. Nd6+ Kd7 31. Qxf7+ Ne7 32. Nxc8 Rxc8 33. Kh2 Qf4+
34. Kg1 Qd4+ 35. Kh2 Qf4+ 36. Kg1 d4 37. Qh7 Qe3+ 38. Kh2 Qf4+ 39. Kg1 Qf5 40.
Qf7 Qf4 41. Qh7 Rc3 42. Bxe7 Bxe7 43. Qg7 Rf3 44. Kh1 Rh3+ 45. Kg1 Qe3+ 0-1

[Event "4NCL Division 2a"]
[Site "Hinckley Island ENG"]
[Date "2013.11.16"]
[Round "1.48"]
[White "Talsma, Paul A"]
[Black "Sucikova, Svetlana"]
[Result "1-0"]
[WhiteElo "2192"]
[BlackElo "1934"]
[PlyCount "85"]
[EventDate "2013.11.16"]
[WhiteTeam "Anglian Avengers 1"]
[BlackTeam "Poisoned Pawns"]

1. d4 d5 2. c4 e6 3. Nc3 c6 4. Nf3 Nf6 5. Bg5 Be7 6. e3 Nbd7 7. Qc2 O-O 8. Rd1
h6 9. Bf4 dxc4 10. Bxc4 Nb6 11. Bb3 Nbd5 12. Bg3 Nxc3 13. bxc3 b6 14. O-O Bb7
15. e4 Qc8 16. c4 Rd8 17. Bh4 Qc7 18. e5 Ne8 19. Qe4 g6 20. Bxe7 Qxe7 21. h3
Kh7 22. Nh2 c5 23. Qf4 cxd4 24. Bc2 Kg7 25. Ng4 Qg5 26. Qg3 Rac8 27. f4 Qe7 28.
Bd3 h5 29. Nf6 Nxf6 30. f5 exf5 31. exf6+ Qxf6 32. Rxf5 Qd6 33. Rf4 Rc5 34.
Rdf1 Rc7 35. Qg5 Rf8 36. Rf6 Qe7 37. Rxg6+ fxg6 38. Qxg6+ Kh8 39. Qh6+ Kg8 40.
Bh7+ Kh8 41. Rxf8+ Qxf8 42. Qxf8+ Kxh7 43. Qf5+ 1-0